000 00252nam a2200121 i 4500
001 bg
245 0 _aDielektryki :
_bWypusk 2.
260 _aKiew,
_c1972.
040 _cBPK
041 _apol
942 _cKS
008 s pl f |000 0 pol
999 _c14922
_d14922
856 _uhttp://koha.tu.koszalin.pl/cgi-bin/koha/opac-detail.pl?biblionumber=14922
_yKatalog online BPK